Separát štatistickej ročenky školstva SR 1998 vysoké školy

Salvato in:
Dettagli Bibliografici
Natura: Libro
Lingua:slovacco
Pubblicazione: Bratislava Ústav informácií a prognóz školstva 1999
Soggetti:
Tags: Aggiungi Tag
Nessun Tag, puoi essere il primo ad aggiungerne!!

MARC

LEADER 00000nam a2200000 4500
001 c108684
005 20251218092504.5
041 0 |a slo 
044 |a SK 
245 1 0 |a Separát štatistickej ročenky školstva SR 1998  |b vysoké školy 
264 1 |a Bratislava  |b Ústav informácií a prognóz školstva  |c 1999 
300 |a 158 s. 
610 2 0 |a Slovensko 
610 2 0 |a školstvo 
610 2 0 |a školy vysoké